<?xml version="1.0" encoding="UTF-8"?>
<collection xmlns="http://www.loc.gov/MARC21/slim">
 <record>
  <leader>03141ntm a22005177a 4500</leader>
  <controlfield tag="001">000297951</controlfield>
  <controlfield tag="003">CZ-PrVSE</controlfield>
  <controlfield tag="005">20150627145807.0</controlfield>
  <controlfield tag="006">m        d</controlfield>
  <controlfield tag="007">cr n||||||||||</controlfield>
  <controlfield tag="008">150627s2015    xr     fsbm   000 0 cze d</controlfield>
  <datafield tag="STA" ind1=" " ind2=" ">
   <subfield code="a">NEZPRACOVANÝ IMPORT</subfield>
  </datafield>
  <datafield tag="040" ind1=" " ind2=" ">
   <subfield code="a">ABA006</subfield>
   <subfield code="b">cze</subfield>
   <subfield code="c">ABA006</subfield>
   <subfield code="d">ABA006</subfield>
  </datafield>
  <datafield tag="100" ind1="1" ind2=" ">
   <subfield code="a">Benčatová, Kateřina</subfield>
   <subfield code="%">ISIS:101327</subfield>
   <subfield code="4">dis</subfield>
  </datafield>
  <datafield tag="242" ind1="1" ind2="4">
   <subfield code="a">The regional elections in Italy after 2010 - comparison of regions Lombardia, Lazio and Campania</subfield>
   <subfield code="y">eng</subfield>
  </datafield>
  <datafield tag="245" ind1="1" ind2="0">
   <subfield code="a">Regionální volby v Itálii po roce 2010 - komparace regionů Lombardia, Lazio a Campania</subfield>
   <subfield code="h">[elektronický zdroj] /</subfield>
   <subfield code="c">Kateřina Benčatová</subfield>
  </datafield>
  <datafield tag="260" ind1=" " ind2=" ">
   <subfield code="c">2015</subfield>
  </datafield>
  <datafield tag="300" ind1=" " ind2=" ">
   <subfield code="a">?? s. :</subfield>
   <subfield code="3">digital, PDF soubor</subfield>
  </datafield>
  <datafield tag="500" ind1=" " ind2=" ">
   <subfield code="a">Vedoucí práce: Petr Vymětal</subfield>
  </datafield>
  <datafield tag="502" ind1=" " ind2=" ">
   <subfield code="a">Bakalářská práce (Bc.)—Vysoká škola ekonomická v Praze. Fakulta mezinárodních vztahů, 2015</subfield>
  </datafield>
  <datafield tag="504" ind1=" " ind2=" ">
   <subfield code="a">Obsahuje bibliografii</subfield>
  </datafield>
  <datafield tag="516" ind1=" " ind2=" ">
   <subfield code="a">Textový (vysokoškolská kvalifikační práce)</subfield>
  </datafield>
  <datafield tag="518" ind1=" " ind2=" ">
   <subfield code="a">Rok obhajoby 2015</subfield>
  </datafield>
  <datafield tag="520" ind1="3" ind2=" ">
   <subfield code="a">Bakalářská práce se zabývá regionální politikou v Itálii. Cílem práce je nalézt určité propojení mezi charakteristikou regionu, typem politických stran v něm, chováním voličů a výsledkem regionálních voleb ve třech vybraných regionech Itálie. Především práce analyzuje vliv socioekonomických ukazatelů na výsledky voleb ve vybraných regionech. Konkrétně se pak práce snaží odpovědět na otázku, do jaké míry mají socioekonomické ukazatele vliv na výsledky voleb ve vybraných, zdánlivě podobných regionech. Nejprve je v práci zakotven pojem regionální politická strana, popsán vývoj regionálních italských volebních zákonů a popsány regiony samotné. Dále jsou analyzovány volební programy kandidátů na hejtmana ve vybraných regionech. V poslední části práce je kladen důraz na zhodnocení výsledků voleb, jejich komparaci na úrovni třech vybraných regionů a na závěrečný vztah zkoumaných ukazatelů s volebními výsledky.</subfield>
  </datafield>
  <datafield tag="538" ind1=" " ind2=" ">
   <subfield code="a">Způsob přístupu: Internet</subfield>
  </datafield>
  <datafield tag="653" ind1="0" ind2=" ">
   <subfield code="a">politologie [obor bakal. práce]</subfield>
  </datafield>
  <datafield tag="655" ind1=" " ind2="7">
   <subfield code="a">bakalářské práce</subfield>
   <subfield code="7">fd132403</subfield>
   <subfield code="2">czenas</subfield>
  </datafield>
  <datafield tag="655" ind1=" " ind2="9">
   <subfield code="a">bachelor's theses</subfield>
   <subfield code="2">eczenas</subfield>
  </datafield>
  <datafield tag="690" ind1=" " ind2=" ">
   <subfield code="a">regionální institucionální struktura</subfield>
  </datafield>
  <datafield tag="690" ind1=" " ind2=" ">
   <subfield code="a">Italská politika</subfield>
  </datafield>
  <datafield tag="690" ind1=" " ind2=" ">
   <subfield code="a">regionální volby</subfield>
  </datafield>
  <datafield tag="690" ind1=" " ind2=" ">
   <subfield code="a">výsledky regionálních voleb</subfield>
  </datafield>
  <datafield tag="690" ind1=" " ind2=" ">
   <subfield code="a">regionální politické strany</subfield>
  </datafield>
  <datafield tag="700" ind1="1" ind2=" ">
   <subfield code="a">Vymětal, Petr</subfield>
   <subfield code="7">jo2007399910</subfield>
   <subfield code="4">ths</subfield>
  </datafield>
  <datafield tag="700" ind1="1" ind2=" ">
   <subfield code="a">Ferrarová, Miroslava,</subfield>
   <subfield code="d">1977-</subfield>
   <subfield code="7">mzk2006348754</subfield>
   <subfield code="4">opn</subfield>
  </datafield>
  <datafield tag="710" ind1="2" ind2=" ">
   <subfield code="a">Vysoká škola ekonomická v Praze.</subfield>
   <subfield code="b">Fakulta mezinárodních vztahů</subfield>
   <subfield code="7">kn20010709400</subfield>
  </datafield>
  <datafield tag="856" ind1="4" ind2="0">
   <subfield code="u">https://isis.vse.cz/zp/47919/podrobnosti</subfield>
   <subfield code="y">VŠKP v InSIS</subfield>
  </datafield>
  <datafield tag="856" ind1="4" ind2="0">
   <subfield code="u">https://isis.vse.cz/zp/47919</subfield>
   <subfield code="y">Hlavní práce</subfield>
  </datafield>
  <datafield tag="856" ind1="4" ind2="0">
   <subfield code="u">https://isis.vse.cz/zp/47919/posudek/vedouci</subfield>
   <subfield code="y">Hodnocení vedoucího</subfield>
  </datafield>
  <datafield tag="856" ind1="4" ind2="0">
   <subfield code="u">https://isis.vse.cz/zp/47919/posudek/oponent/42479</subfield>
   <subfield code="y">Oponentura</subfield>
  </datafield>
  <datafield tag="999" ind1="4" ind2="0">
   <subfield code="u">https://isis.vse.cz/zp/47919/podrobnosti</subfield>
   <subfield code="y">dc:identifier</subfield>
  </datafield>
  <datafield tag="993" ind1=" " ind2=" ">
   <subfield code="x">NEPOSILAT</subfield>
   <subfield code="y">VSKP</subfield>
  </datafield>
  <datafield tag="999" ind1="4" ind2="9">
   <subfield code="a">vse47919</subfield>
   <subfield code="b">150624</subfield>
  </datafield>
  <datafield tag="999" ind1="4" ind2="5">
   <subfield code="x">47919</subfield>
  </datafield>
 </record>
</collection>
